egypt : millenary splendor: the leiden collection in bologna /

محفوظ في:

المؤلف الرئيسي: giovetti, paola

التنسيق: كتاب

اللغة: Undetermined

منشور في: milano : skira, 2016.

الموضوعات:

الوسوم: إضافة وسم

لا توجد وسوم, كن أول من يضع وسما على هذه التسجيلة!

رقم الطلب: DT59 .B576 E3513

LEADER 00699nam a2200181Ia 4500
008 220401s9999||||xx |||||||||||||| ||und||
020 |a 9788857230153 
050 4 |a DT59 .B576 E3513 
100 1 |a giovetti, paola 
245 1 0 |a egypt :  |b millenary splendor: the leiden collection in bologna /  |c paola giovetti. 
264 1 |a milano :  |b skira,  |c 2016. 
300 |a 589p. :  |b chiefly col. Illus., maps ;  |c 29cm. 
500 |a includes biBLiographical references. 
650 1 4 |a catalogs. 
650 1 4 |a egypt antiquities exhibitions. 
942 |2 lcc  |c BK 
952 |0 0  |1 0  |2 lcc  |4 0  |6 DT0059 B576 E3513  |7 1  |9 39454  |a ARCE  |b ARCE  |d 2022-04-01  |l 0  |o DT59 .B576 E3513  |p 1012763  |r 2022-04-01 00:00:00  |w 2022-04-01  |y BK 
999 |c 47035  |d 47035